[Event "GER-chT Lands U20"]
[Site "Wiesbaden"]
[Date "2022.10.03"]
[Round "5.5"]
[White "Goepfert, Gregor"]
[Black "Koepnick, Amanda"]
[Result "1-0"]
[WhiteElo "1480"]
[BlackElo "1244"]
[PlyCount "109"]
[EventDate "2022.09.30"]
[EventType "team-swiss"]
[EventRounds "7"]
[EventCountry "GER"]
[SourceTitle "CBM 210 Extra"]
[Source "ChessBase"]
[SourceDate "2022.11.30"]
[SourceVersion "1"]
[SourceVersionDate "2022.11.30"]
[SourceQuality "1"]
[WhiteTeam "Thueringen U20"]
[BlackTeam "Mecklenburg Vorpommern U20"]
[WhiteTeamCountry "GER"]
[BlackTeamCountry "GER"]

1. e4 e5 2. Nf3 Nc6 3. Bc4 Bc5 4. c3 Nf6 5. d3 h6 6. Nbd2 d6 7. Nf1 0-0 8. Ng3 Re8 9. 0-0 Be6 10. Bxe6 fxe6 11. d4 Bb6 12. dxe5 Nxe5 13. Nxe5 dxe5 14. Qe2 Qe7 15. a4 a6 16. a5 Ba7 17. Be3 Qf7 18. Bxa7 Rxa7 19. Qe3 Raa8 20. Qc5 Qe7 21. Qxe5 Qd6 22. Qxd6 cxd6 23. Rfd1 Red8 24. Ra4 Rd7 25. e5 dxe5 26. Rxd7 Nxd7 27. Rb4 Rb8 28. Ne4 b5 29. axb6 Rxb6 30. Rxb6 Nxb6 31. Nc5 a5 32. Nxe6 Kf7 33. Nc5 Ke7 34. Kf1 a4 35. Ke2 Kd6 36. Ne4+ Kd5 37. Nd2 Nc4 38. Nxc4 Kxc4 39. Kd2 Kb3 40. Kc1 e4 41. g4 g5 42. h3 Kc4 43. Kc2 Kb5 44. b3 axb3+ 45. Kxb3 Kc5 46. c4 Kc6 47. Kb4 Kd6 48. c5+ Kd7 49. Kb5 Kc7 50. c6 Kc8 51. Kc5 Kc7 52. Kd5 Kc8 53. Kxe4 Kc7 54. Kd5 Kc8 55. Ke6 1-0

[Event "GER-ch U14"]
[Site "Willingen"]
[Date "2022.06.07"]
[Round "4"]
[White "Schwan, Aaron"]
[Black "Goepfert, Gregor"]
[Result "1-0"]
[WhiteElo "1671"]
[BlackElo "1446"]
[PlyCount "47"]
[EventDate "2022.06.04"]
[EventType "swiss"]
[EventRounds "9"]
[EventCountry "GER"]
[SourceTitle "CBM 208 Extra"]
[Source "ChessBase"]
[SourceDate "2022.07.31"]
[SourceVersion "1"]
[SourceVersionDate "2022.07.31"]
[SourceQuality "1"]

1. e4 e5 2. Nf3 Nc6 3. Bc4 Bc5 4. c3 Nf6 5. d3 d6 6. Bb3 a6 7. Nbd2 Ba7 8. Nf1 d5 9. Qe2 dxe4 10. dxe4 0-0 11. Ng3 h6 12. 0-0 Qe7 13. Nh4 Bg4 14. Qc2 Be6 15. Nhf5 Qe8 16. Qe2 Kh7 17. Qf3 Bxb3 18. axb3 Qe6 19. Nxg7 Kxg7 20. Nf5+ Kh7 21. Bxh6 Rg8 22. Qh3 Ng4 23. Bg7+ Nh6 24. Bxh6 1-0

[Event "GER-ch U14"]
[Site "Willingen"]
[Date "2022.06.06"]
[Round "3"]
[White "Goepfert, Gregor"]
[Black "Vihan, Shourya"]
[Result "1-0"]
[WhiteElo "1446"]
[BlackElo "1385"]
[PlyCount "87"]
[EventDate "2022.06.04"]
[EventType "swiss"]
[EventRounds "9"]
[EventCountry "GER"]
[SourceTitle "CBM 208 Extra"]
[Source "ChessBase"]
[SourceDate "2022.07.31"]
[SourceVersion "1"]
[SourceVersionDate "2022.07.31"]
[SourceQuality "1"]

1. e4 c6 2. d4 d5 3. exd5 cxd5 4. Bd3 Nc6 5. c3 Nf6 6. h3 e5 7. dxe5 Nxe5 8. Be2 Be6 9. Nf3 Bd6 10. Nxe5 Bxe5 11. Be3 0-0 12. Na3 Qa5 13. Nb5 Ne4 14. 0-0 a6 15. Nd4 Qd8 16. Bg4 Qd7 17. f4 Bxd4 18. Bxd4 Ng3 19. Rf3 f5 20. Rxg3 fxg4 21. Qd2 Rf7 22. hxg4 Bxg4 23. Rf1 Re8 24. Re3 Rfe7 25. Re5 Bf5 26. Qf2 Be4 27. Qg3 Rf7 28. Rxe8+ Qxe8 29. f5 Qf8 30. f6 g6 31. Qe5 Kh8 32. b4 Kg8 33. Rf4 b5 34. Qe6 Qa8 35. Rh4 Bf5 36. Qe3 Qc8 37. Qe5 Qa8 38. g4 Be4 39. Qe6 Qb7 40. Bc5 Qb8 41. Rh3 Qa8 42. Rxh7 Kxh7 43. Qxf7+ Kh6 44. Be3+ 1-0

[Event "GER-ch U12"]
[Site "Willingen"]
[Date "2020.10.28"]
[Round "2"]
[White "Goepfert, Gregor"]
[Black "Schroeder, Jan Hendrik"]
[Result "0-1"]
[WhiteElo "1603"]
[BlackElo "1324"]
[PlyCount "76"]
[EventDate "2020.10.26"]
[EventType "swiss"]
[EventRounds "7"]
[EventCountry "GER"]
[SourceTitle "CBM 199 Extra"]
[Source "ChessBase"]
[SourceDate "2021.01.31"]
[SourceVersion "1"]
[SourceVersionDate "2021.01.31"]
[SourceQuality "1"]

1. e4 c5 2. Nf3 Nc6 3. d4 cxd4 4. Nxd4 g6 5. Nc3 Bg7 6. Be3 d6 7. Bc4 Nf6 8. h3 0-0 9. Bb3 Bd7 10. 0-0 a6 11. f4 Nxd4 12. Bxd4 Bc6 13. Qd3 d5 14. exd5 Bd7 15. Rae1 h5 16. Qe3 Re8 17. a4 Bf5 18. Bc5 Qc7 19. Bb6 Qd6 20. a5 Rac8 21. Ba4 Rxc3 22. bxc3 Nxd5 23. Qf3 Rc8 24. Rd1 e6 25. Bd4 Bxd4+ 26. cxd4 Rc3 27. Qf2 Ne3 28. Rd2 Nxf1 29. Qxf1 Qb4 30. Bd7 Rxc2 31. Rxc2 Bxc2 32. Qf2 Ba4 33. Bc8 Bc6 34. Qa2 Qxd4+ 35. Kh1 Qd8 36. Bxe6 fxe6 37. Qxe6+ Kg7 38. Qe5+ Kh7 0-1

[Event "GER-chT Lands U20"]
[Site "Berlin"]
[Date "2020.10.04"]
[Round "7.6"]
[White "Middendorf, Sven Jonas"]
[Black "Goepfert, Gregor"]
[Result "1-0"]
[WhiteElo "1355"]
[BlackElo "1603"]
[PlyCount "55"]
[EventDate "2020.09.29"]
[EventType "team-swiss"]
[EventRounds "7"]
[EventCountry "GER"]
[SourceTitle "CBM 198 Extra"]
[Source "ChessBase"]
[SourceDate "2020.11.30"]
[SourceVersion "1"]
[SourceVersionDate "2020.11.30"]
[SourceQuality "1"]
[WhiteTeam "Brandenburg U20"]
[BlackTeam "Thueringen U20"]
[WhiteTeamCountry "GER"]
[BlackTeamCountry "GER"]

1. e4 e5 2. Nf3 Nc6 3. Bb5 a6 4. Ba4 d6 5. 0-0 Nf6 6. Re1 Be7 7. c3 0-0 8. h3 b5 9. Bc2 Bb7 10. d4 exd4 11. cxd4 Nb4 12. Bb3 c5 13. a3 Nc6 14. Nc3 Qb6 15. Nd5 Qd8 16. Nxe7+ Qxe7 17. e5 Ne8 18. Bg5 Qc7 19. exd6 Qxd6 20. d5 Nc7 21. dxc6 Qxc6 22. Bc2 Rfe8 23. Qd3 g6 24. Rxe8+ Rxe8 25. Re1 Rxe1+ 26. Nxe1 Ne6 27. Bf6 h6 28. Qe3 1-0

[Event "GER-chT Lands U20"]
[Site "Berlin"]
[Date "2020.10.01"]
[Round "3.6"]
[White "Moldovan, Tatiana"]
[Black "Goepfert, Gregor"]
[Result "0-1"]
[WhiteElo "1480"]
[BlackElo "1603"]
[PlyCount "124"]
[EventDate "2020.09.29"]
[EventType "team-swiss"]
[EventRounds "7"]
[EventCountry "GER"]
[SourceTitle "CBM 198 Extra"]
[Source "ChessBase"]
[SourceDate "2020.11.30"]
[SourceVersion "1"]
[SourceVersionDate "2020.11.30"]
[SourceQuality "1"]
[WhiteTeam "Wuerttemberg U20"]
[BlackTeam "Thueringen U20"]
[WhiteTeamCountry "GER"]
[BlackTeamCountry "GER"]

1. e4 e5 2. Nf3 Nc6 3. Bb5 a6 4. Ba4 d6 5. Bxc6+ bxc6 6. d4 exd4 7. Nxd4 Bd7 8. Nc3 g6 9. 0-0 Bg7 10. Be3 Nf6 11. Nf3 Qe7 12. Bg5 h6 13. Bh4 0-0 14. e5 dxe5 15. Re1 Be6 16. Nxe5 Qc5 17. Nd3 Qd4 18. Bg3 Qa7 19. Ne5 Bd5 20. Nxd5 cxd5 21. Nc6 Qc5 22. Ne7+ Kh7 23. b4 Qc4 24. Qd3 Qxb4 25. Bxc7 Qc5 26. Bg3 Rfe8 27. Qe3 Qxe3 28. Rxe3 Ne4 29. Rae1 Rxe7 30. Kf1 Nxg3+ 31. hxg3 Rxe3 32. Rxe3 Rc8 33. Re2 Rc3 34. Rd2 d4 35. Rd3 Rxd3 36. cxd3 f5 37. Ke2 g5 38. f3 Kg6 39. g4 Kf6 40. g3 Ke5 41. Kd2 fxg4 42. fxg4 Kd5 43. Kc2 Be5 44. Kd2 Bxg3 45. Kd1 Ke5 46. Ke2 Kf4 47. Kd2 Kxg4 48. Ke2 h5 49. a4 h4 50. Kf1 Kf3 51. a5 Ke3 52. Kg2 Kxd3 53. Kf1 Kc2 54. Kg2 d3 55. Kf1 d2 56. Kg2 d1Q 57. Kh3 Qd7+ 58. Kg2 g4 59. Kg1 Qd1+ 60. Kg2 Qe2+ 61. Kg1 Qf2+ 62. Kh1 Qh2# 0-1

[Event "GER-chT Lands U20"]
[Site "Berlin"]
[Date "2020.09.30"]
[Round "1.7"]
[White "Goepfert, Gregor"]
[Black "Mueller, Sophie Charlotte"]
[Result "0-1"]
[WhiteElo "1603"]
[BlackElo "1459"]
[PlyCount "58"]
[EventDate "2020.09.29"]
[EventType "team-swiss"]
[EventRounds "7"]
[EventCountry "GER"]
[SourceTitle "CBM 198 Extra"]
[Source "ChessBase"]
[SourceDate "2020.11.30"]
[SourceVersion "1"]
[SourceVersionDate "2020.11.30"]
[SourceQuality "1"]
[WhiteTeam "Thueringen U20"]
[BlackTeam "Mecklenburg Vorpommern U20"]
[WhiteTeamCountry "GER"]
[BlackTeamCountry "GER"]

1. e4 d6 2. d4 g6 3. Nf3 Bg7 4. g3 Nf6 5. Nbd2 c6 6. Bg2 0-0 7. 0-0 Re8 8. Re1 Bd7 9. Nf1 a5 10. c3 Na6 11. Bg5 e5 12. dxe5 dxe5 13. Qc2 Qc7 14. Be3 b5 15. N1d2 c5 16. Nxe5 Qxe5 17. f4 Qh5 18. e5 Ng4 19. Nf1 Rad8 20. Qe4 Rb8 21. Qd5 Red8 22. Rad1 Qf5 23. Be4 Qe6 24. Qxe6 Bxe6 25. Rd6 Nxe3 26. Nxe3 Rxd6 27. exd6 Bf8 28. Rd1 Rd8 29. Bb7 Nb8 0-1